Macroeconomía avanzada I : modelos dinámicos y teoría de la política económica

Bibliographic Details
Main Author: Argandoña Ramiz, Antonio
Format: Section = Libro
Language:Undetermined
Spanish
Published: España McGraw-Hill 1997
Subjects:
LEADER 00684nam a2200205Ia 4500
008 240829s9999 xx 000 0 und d
040 |a BIBLIOTECA-RUPAP 339 A686 
041 |a spa 
082 |a 339 A686 
100 1 |a Argandoña Ramiz, Antonio 
245 1 0 |a Macroeconomía avanzada I : modelos dinámicos y teoría de la política económica 
260 |a España  |b McGraw-Hill  |c 1997 
300 |a 419 p. :il. 
650 7 |a MACROECONOMIA 
650 7 |b  MODELOS NEOCLASICOS 
650 7 |c  CRECIMIENTO ECONOMICO 
650 7 |d  CRECIMIENTO ENDOGENO. I. Gamez Amian, Consuelo, coaut. II. Mochón Morcillo, Francisco, coaut. III. Tít. 
942 |c BK  |2 ddc 
991 |a TEXTO 
999 |c 7661